000 00314nam a2200145Ia 4500
003 OSt
005 20240319123001.0
008 170523s9999 xx 000 0 und d
020 _a978-1118886328
040 _ciimtu
100 _aResnik- Halliday
245 0 _aPhysics - I
260 _aWilley
942 _2ddc
_c02
999 _c11595
_d11595